| 000 | 01163nam a2200217 a 4500 | ||
|---|---|---|---|
| 001 | 20439 | ||
| 003 | CO-ViMGA | ||
| 008 | 141112s2004 ck r 000 u spa d | ||
| 020 | _a8479036869 | ||
| 040 |
_aCO-ViMGA _bspa _cCO-ViMGA |
||
| 082 | 0 | 4 | _a617.22 S624i |
| 110 |
_aSociedad argentina de terapia intensivaComite de infectología crítica _929504 |
||
| 245 | 1 | 0 | _aInfecciones por cateteres vasculares |
| 260 |
_aBuenos Aires : _bMedica panAméricana, _c2003 |
||
| 300 | _aV1 : En situaciones habituales; V2 : En situaciones particulares | ||
| 505 | _aInfección relacionada con cateteres en pacientes con transplante y neutropenicos 19 - - Infección relacionada con cateteres en el neonato 45 - - Complicaciones graves de la infección relacionada con cateteres 77 - - Medidas protectoras de la conexión 97 - - Tratamiento de la infección relacionada con cateter. papel de los aminoglúcidos 115 | ||
| 590 | _aForma de adquisición : Compra fact.0536 - - Precio : 28000 - - Proveedor : Temas y libros - - Fecha de adquisición : Marzo 2006 | ||
| 650 | 1 | 4 |
_aCATETERES VASCULARES - INFECCIONES _929505 |
| 650 | 1 | 4 |
_aINFECCIONES _929506 |
| 942 |
_2ddc _cBK |
||
| 999 |
_c29434 _d29434 |
||